Marques alimentaires les plus vendues France - Statistiques

Statistiques générales
  • Ce quiz a été pris 275 fois
  • Le résultat moyen est 3 sur 11
Statistiques - réponses
Pourcentage consommateurs Marques % Correct
83% Panzani
61%
70% Coca Cola
57%
67% Lustucru
40%
86% Herta
31%
85% Président
31%
74% Bonduelle
22%
79% Fleury Michon
22%
74% Amora
15%
69% Harrys
14%
66% La Laitière
10%
67% Le Gaulois
9%
Aucun quiz correspondant
Distribution des résultats
% des personnes avec chaque résultat
Percentile par nombre de réponses
Votre historique - résultats
Vous n’avez pas pris ce quiz